| 000 | 00706nam a22002057a 4500 | ||
|---|---|---|---|
| 003 | 0 | ||
| 005 | 20231002100235.0 | ||
| 008 | 231002b xxu||||| |||| 00| 0 eng d | ||
| 020 | _a971-569-046-7 | ||
| 050 |
_aQE 523 _b.H279 1991 |
||
| 100 | _aHargrove, Thomas R. | ||
| 245 |
_aThe mysteries of taal : a Philippine volcano and lake, her sea life and lost towns _c Thomas R. Hargrove |
||
| 260 |
_aMakati City _bThe Bookmark, Inc. _cc1991. |
||
| 300 |
_avii, 204 pages : _bill. ; _c23 cm. |
||
| 500 | _aTaal, Lake (Philippines). | ||
| 504 | _aIncludes bibliographical references. | ||
| 650 | _aTaal, Lake (Philippines). | ||
| 650 | _aTaal, Mount (Volcano Island, Philippines). | ||
| 942 |
_2lcc _cBK |
||
| 999 |
_c365458 _d365458 |
||